000
00341nam a22001577a 4500
003
OSt
005
20250605144922.0
008
250605b |||||||| |||| 00| 0 eng d
082
_a
920
_b
JAID
100
_a
Jain, N. K.
245
_a
Down the memory lane
300
_a
437
546
_a
English
651
_a
Autobiography
942
_2
ddc
_c
BK
999
_c
3809
_d
3809